Diskurzné stratégie švajčiarskych ľudovcov pred voľbami 2019
Autor analyzuje diskurzné stratégie Švajčiarskej ľudovej strany pred parlamentnými voľbami 2019. Článok je založený na hypotéze, že jazyk ľudovcov korešponduje so základnou charakteristikou jazyka krajne-pravicových strán v zmysle my a oni.
Na minha lista:
| Autor principal: | |
|---|---|
| Formato: | Capítulo de Livro |
| Idioma: | eslovaco |
| Assuntos: | |
| Tags: |
Sem tags, seja o primeiro a adicionar uma tag!
|
MARC
| LEADER | 00000naa$a2200000$$$4500 | ||
|---|---|---|---|
| 001 | 0263281 | ||
| 005 | 20240502074200.2 | ||
| 041 | 0 | |a slo | |
| 044 | |a SK | ||
| 245 | 1 | 0 | |a Diskurzné stratégie švajčiarskych ľudovcov pred voľbami 2019 |c Radoslav Štefančík |
| 520 | |a Autor analyzuje diskurzné stratégie Švajčiarskej ľudovej strany pred parlamentnými voľbami 2019. Článok je založený na hypotéze, že jazyk ľudovcov korešponduje so základnou charakteristikou jazyka krajne-pravicových strán v zmysle my a oni. | ||
| 610 | 2 | 0 | |a politika |
| 610 | 2 | 0 | |a voľby |
| 610 | 2 | 0 | |a kampane volebné |
| 610 | 2 | 0 | |a populizmus |
| 610 | 2 | 0 | |a programy politické |
| 100 | 1 | |a Štefančík, Radoslav, 1976- | |